00680nam a2200229Ia 450000100060000000300090000600800410001504000130005604000130006904100130008210000150009510000290011024500550013924500610019425000110025526000120026626000130027826000490029130000570034065000220039765000310041913432IT-RoPAU130308s9999 xx 000 0 und d aIT-RoPAU cIT-RoPAU aITALIANO aFink Guido gCodice Aut. SPICS: 6639 aAscesa del cinema americano (L')-Sennett e Chaplin bStoria del Cinema-1-Dalle Origini all'avvento del Sonoro a1a ed. aVENEZIA bMarsilio c1978 [1° Ed.:1978 - Ed.Ling.Originale:1978] a"14 p. (prefazione: no ; testo: 14 [pagine: 59-72])" aSTORIA DEL CINEMA eCodice materia Spics: 6808